| 000 | 00785cab a2200253 4500 | ||
|---|---|---|---|
| 001 | ABS49959 | ||
| 008 | 090401t1993 xxu||||| |||| 00| 0 eng d | ||
| 035 | _a(Sirsi) u73471 | ||
| 041 | _aeng | ||
| 100 | _aPritchard, S. | ||
| 245 | _aGrowth in the groves of academe | ||
| 260 | _c1993 | ||
| 350 | _a0 | ||
| 490 |
_aPlanning Week _v2(3) 20 January 1993, 16-17(2) |
||
| 520 | _aAssess the effects on the construction and planning of universities of the Government`s aim of one in three school leavers going on to higher education. | ||
| 650 | _aEDUCATIONAL BUILDINGS | ||
| 650 | _aGOVERNMENT POLICY | ||
| 650 | _aHIGHER EDUCATION | ||
| 650 | _aPLANNING POLICY | ||
| 650 | _aUNIVERSITIES | ||
| 690 | _aPROPERTY-PROPERTY DEVELOPMENT | ||
| 942 | _n0 | ||
| 948 | _c04/03/1997 | ||
| 999 |
_c46441 _d46441 |
||